Oiseaux par images - Clic Quiz - Statistiques

Statistiques générales
  • Ce quiz a été pris 16 905 fois
  • Le résultat moyen est 26 sur 36
Statistiques - réponses
Hint Extra Hint Réponse % Correct
Flamant rose
Phoenicopterus roseus
90%
Pigeon biset
Columba livia
88%
Grand corbeau
Corvus corax
88%
Paon bleu
Pavo cristatus
88%
Toucan
Ramphastos toco
87%
Cardinal rouge
Cardinalis cardinalis
87%
Coq doré
Gallus gallus
85%
Dindon
Meleagris gallopavo
85%
Cygne tuberculé
Cygnus olor
83%
Pie bavarde
Pica pica
81%
Cigogne
Ciconia ciconia
78%
Pélican
Pelecanus onocrotalus
78%
Rouge-gorge
Erithacus rubecula
78%
Autruche
Struthio camelus
78%
Oie cendrée
Anser anser
77%
Ara
Ara chloropterus
77%
Pic vert
Picus viridis
76%
Moineau
Passer domesticus
75%
Goéland argenté
Larus argentatus
75%
Colvert
Anas platyrhynchos
75%
Chouette effraie
Tyto alba
75%
Héron cendré
Ardea cinerea
72%
Colibri
Mellisuga helenae
70%
Émeu
Dromaius novaehollandiae
69%
Martin-pêcheur
Alcedo atthis
66%
Buse variable
Buteo buteo
65%
Macareux moine
Fratercula arctica
64%
Grand-duc
Bubo virginianus
63%
Pygargue à tête blanche
Haliaeetus leucocephalus
62%
Condor des Andes
Vultur gryphus
60%
Calao bicorne
Buceros bicornis
54%
Faucon pélerin
Falco peregrinus
53%
Casoar
Casuarius casuarius
50%
Hirondelle
Hirundo rustica
50%
Ibis
Threskiornis aethiopicus
49%
Grue royale
Balearica regulorum
47%
Aucun quiz correspondant
Distribution des résultats
% des personnes avec chaque résultat
Percentile par nombre de réponses
Votre historique - résultats
Vous n’avez pas pris ce quiz